<?xml version="1.0" encoding="UTF-8"?><?xml-stylesheet type="text/xsl" href="static/style.xsl"?><OAI-PMH xmlns="http://www.openarchives.org/OAI/2.0/" xmlns:xsi="http://www.w3.org/2001/XMLSchema-instance" xsi:schemaLocation="http://www.openarchives.org/OAI/2.0/ http://www.openarchives.org/OAI/2.0/OAI-PMH.xsd"><responseDate>2026-04-14T07:19:00Z</responseDate><request verb="GetRecord" identifier="oai:www.recercat.cat:2445/158717" metadataPrefix="marc">https://recercat.cat/oai/request</request><GetRecord><record><header><identifier>oai:recercat.cat:2445/158717</identifier><datestamp>2025-11-20T10:18:34Z</datestamp><setSpec>com_2072_1057</setSpec><setSpec>col_2072_478820</setSpec><setSpec>col_2072_478917</setSpec></header><metadata><record xmlns="http://www.loc.gov/MARC21/slim" xmlns:dcterms="http://purl.org/dc/terms/" xmlns:xsi="http://www.w3.org/2001/XMLSchema-instance" xmlns:doc="http://www.lyncode.com/xoai" xsi:schemaLocation="http://www.loc.gov/MARC21/slim http://www.loc.gov/standards/marcxml/schema/MARC21slim.xsd">
   <leader>00925njm 22002777a 4500</leader>
   <datafield ind2=" " ind1=" " tag="042">
      <subfield code="a">dc</subfield>
   </datafield>
   <datafield ind2=" " ind1=" " tag="720">
      <subfield code="a">Fuster, À. Lorena (Àngela Lorena)</subfield>
      <subfield code="e">author</subfield>
   </datafield>
   <datafield ind2=" " ind1=" " tag="260">
      <subfield code="c">2020-05-05T09:08:57Z</subfield>
   </datafield>
   <datafield ind2=" " ind1=" " tag="260">
      <subfield code="c">2020-05-05T09:08:57Z</subfield>
   </datafield>
   <datafield ind2=" " ind1=" " tag="260">
      <subfield code="c">2006</subfield>
   </datafield>
   <datafield ind2=" " ind1=" " tag="260">
      <subfield code="c">2020-05-04T16:31:17Z</subfield>
   </datafield>
   <datafield ind2=" " ind1=" " tag="520">
      <subfield code="a">En constatar una diferència, gran o menuda, en anomenar-la, es posa al descobert una distància, els seus límits, els ponts i els abismes, les tensions entre les parts implicades en un joc que té conseqüències en el real. Sovint, dir la diferència, enceta una lluita per anomenar el real o per poder participar en la seua creació. La lluita de les dones i les diverses posicions des de les quals es diu i es fa la diferència protagonitzen la darrera obra de la filòsofa Celia Amorós. La gran diferencia y sus pequeñas consecuencias... para las luchas de las mujeres és un recull de textos filosòfics que deixen clar que fer filosofia, com diu l'autora citant Michèle Le Doeuff, és "posar el món com la tesi d'un altre" i que cal higienitzar i esmolar els estris conceptuals per .</subfield>
   </datafield>
   <datafield tag="653" ind2=" " ind1=" ">
      <subfield code="a">Ressenya de llibres</subfield>
   </datafield>
   <datafield tag="653" ind2=" " ind1=" ">
      <subfield code="a">Feminisme</subfield>
   </datafield>
   <datafield tag="653" ind2=" " ind1=" ">
      <subfield code="a">Book reviewing</subfield>
   </datafield>
   <datafield tag="653" ind2=" " ind1=" ">
      <subfield code="a">Feminism</subfield>
   </datafield>
   <datafield ind2="0" ind1="0" tag="245">
      <subfield code="a">La gran diferencia y sus pequeñas consecuencias... para las luchas de las mujeres. Celia Amorós. Madrid, Ediciones Cátedra, 2005</subfield>
   </datafield>
</record></metadata></record></GetRecord></OAI-PMH>